Statistics for All SpiceJet Destinations

Click here to take the quiz!

General Stats

  • This quiz has been taken 5 times
  • The average score is 25 of 60

Answer Stats

Country Airport % Correct
AfghanistanKabul
100%
India-GoaGoa
100%
UAEDubai-International
100%
ThailandBangkok
100%
Sri LankaColombo
100%
Saudi ArabiaJeddah
100%
OmanMuscat
100%
MaldivesMale
100%
India-Tamil NaduChennai
100%
BangladeshDhaka
100%
India-KarnatakaBangalore
100%
India-MaharashtraMumbai
100%
India-DelhiDelhi
100%
Hong KongHong Kong
100%
UAEDubai-World Central
100%
India-RajasthanJaipur
80%
India-GujaratAhmedabad
80%
India-West BengalKolkata
80%
India-TelanganaHyderabad
80%
India-KeralaCochin
60%
India-MaharashtraPune
60%
India-PunjabAmritsar
60%
India-Jammu and KashmirJammu
40%
India-KarnatakaMangalore
40%
India-Jammu and KashmirSrinagar
40%
India-GujaratSurat
40%
India-Madhya PradeshBhopal
40%
India-Uttar PradeshVaranasi
40%
India-BiharPatna
20%
India-Uttar PradeshKanpur
20%
India-Tamil NaduMadurai
20%
India-AssamGuwahati
20%
India-RajasthanUdaipur
20%
India-West BengalSiliguri
20%
India-GujaratPorbandar
20%
India-PuducherryPuducherry
20%
India-Jammu and KashmirLeh
20%
India-UttarakhandDehradun
20%
India-Andaman and NicobarPort Blair
20%
India-Madhya PradeshJabalpur
20%
India-KeralaThiruvananthapuram
20%
India-Andhra PradeshVisakhapatnam
0%
India-AssamDibrugarh
0%
India-Andhra PradeshVijayawada
0%
India-Andhra PradeshTirupati
0%
India-Himachal PradeshDharamsala
0%
India-AssamSilchar
0%
India-SikkimPakyong
0%
India-Uttar PradeshGorakhpur
0%
India-Tamil NaduTuticorin
0%
India-Tamil NaduCoimbatore
0%
India-KarnatakaHubli
0%
India-RajasthanKishangarh
0%
India-RajasthanJaisalmer
0%
India-PunjabAdampur
0%
India-OdishaJharsuguda
0%
India-MaharashtraShirdi
0%
India-AssamLilabari
0%
India-KeralaKozhikode
0%
India-GujaratKandla
0%

Score Distribution

Percentile by Number Answered

Percent of People with Each Score

Your Score History

You have not taken this quiz